Fórmulas matemáticas (Registro nro. 6533)
[ vista simple ]
| 000 -Cabecera | |
|---|---|
| Campo de control de longitud fija | 00744aam a2200349 4500 |
| 005 - Fecha y hora de la última transacción | |
| Campo de control | 20251107172252.0 |
| 008 - Elementos de longitud fija--Información general | |
| Campo de control de longitud fija | 150727b2006 xxu||||| |||| 00| 0 spa d |
| 020 ## - International Standard Book Number | |
| Número Internacional Estándar del Libro (ISBN) | 9972209121 |
| 041 ## - Idioma | |
| Código de idioma | Español |
| 082 ## - Clasificación Decimal Dewey | |
| Número de clasificación | 510 F726f |
| 245 ## - Título propiamente dicho | |
| Título | Fórmulas matemáticas |
| 260 ## - Pie de imprenta | |
| Lugar de publicación, distribución, etc. | España |
| 260 ## - Pie de imprenta | |
| Nombre del editor, distribuidor, etc. | Lexus |
| 260 ## - Pie de imprenta | |
| Fecha de publicación, distribución, etc. | 2006 |
| 300 ## - Descripción física | |
| Extensión | 271 páginas |
| 490 ## - Serie | |
| Título de la Serie | Temática General |
| 650 ## - Materia general | |
| Temática (materia general) | MATEMÁTICAS |
| 650 ## - Materia general | |
| Temática (materia general) | ARITMÉTICA |
| 650 ## - Materia general | |
| Temática (materia general) | ÁLGEBRA |
| 650 ## - Materia general | |
| Temática (materia general) | GEOMETRÍA |
| 650 ## - Materia general | |
| Temática (materia general) | TRIGONOMETRÍA |
| 650 ## - Materia general | |
| Temática (materia general) | FÍSICA |
| 650 ## - Materia general | |
| Temática (materia general) | QUIMICA |
| 650 ## - Materia general | |
| Temática (materia general) | TABLA PERIÓDICA |
| 650 ## - Materia general | |
| Temática (materia general) | FÓRMULAS |
| 942 ## - Punto de acceso adicional KOHA | |
| Tipo de ítem KOHA | Libro |
| Fuente del sistema de clasificación o colocación | Dewey Decimal Classification |
| Signatura completa | Código de barras | Programa Académico | Tipo de ítem |
|---|---|---|---|
| 510 F726f | 11793 | Libro |